Algunos aspectos de la investigación del Area Metropolitana de San José

Guardat en:
Dades bibliogràfiques
Autor corporatiu: Instituto Nacional de Vivienda y Urbanismo [Costa Rica]
Format: Text
Publicat: San José :
Etiquetes: Afegir etiqueta
Sense etiquetes, Sigues el primer a etiquetar aquest registre!

MARC

LEADER 00000 a a2200000 04500
001 17135
003
040 |a CRAI/IIS  |c CRAI/IIS 
090 |a 006900  
110 |a Instituto Nacional de Vivienda y Urbanismo [Costa Rica]  
245 |a Algunos aspectos de la investigación del Area Metropolitana de San José  
260 |a San José :  
300 |a 93 p.  
999 |c 4492  |d 4492